Minecraft Furnace Fuels - Sudden Death - Statistics

General Stats
  • This quiz has been taken 235 times
  • The average score is 11 of 15
Answers on the Grid
Answers color-coded by a green-red scale on the quiz's grid according to % correct below.
Bamboo
Scaffolding
Ladder
Crafting Table
Smithing Table
Wooden Sword
Bowl
Bow
Note Block
Blaze Rod
Dried Kelp Block
Lava Bucket
Oak Button
Birch Button
Barrel
Stone Sword
Netherite Sword
Furnace
Rotten Flesh
Cobblestone
Water Bucket
Flint and Steel
Obsidian
Leather Cap
Sponge
Diamond Helmet
Iron Ingot
Fermented Spider Eye
Poisonous Potato
Bell
 
Answer Stats
Answer % Correct
Oak Button
86%
Bamboo
83%
Wooden Sword
83%
Ladder
82%
Barrel
80%
Birch Button
80%
Crafting Table
80%
Dried Kelp Block
79%
Lava Bucket
79%
Bow
77%
Bowl
77%
Scaffolding
73%
Note Block
65%
Blaze Rod
63%
Smithing Table
51%
No matching quizzes found
Score Distribution
Percent of People with Each Score
Percentile by Number Answered
Your Score History
You have not taken this quiz